The case study of Indonesia / (Registro nro. 496)
[ vista simple ]
| 000 -CABECERA | |
|---|---|
| Campo de control | 01253cam a2200265Ia 4500 |
| 005 - FECHA Y HORA DE LA ULTIMA TRANSACCION | |
| Campo de control | 20171129124928.0 |
| 008 - ELEMENTOS DE LONGITUD FIJA—INFORMACION GENERAL | |
| Campo de control | 970624s1997 mau 000 0 eng d |
| 040 ## - FUENTE DE CATALOGACIÓN | |
| Agencia catalogadora original | CLE |
| Agencia transcriptora | CLE |
| Agencia Modificadora | CUS |
| -- | MYG |
| 041 0# - IDIOMA | |
| Código de idioma para texto/pista de sonido o título separado | Español |
| 044 ## - PAÍS DE PUBLICACIÓN | |
| País de publicación | Estados Unidos |
| 082 04 - NUMERO DE CLASIFICACION DECIMAL DEWEY | |
| Número de clasificación | 333.75068 |
| Número del ítem | B23t |
| 100 1# - ASIENTO PRINCIPAL--NOMBRE PERSONAL | |
| Nombre personal | Barber, Charles Victor |
| Término relacionado | autor |
| 9 (RLIN) | 7506 |
| 245 14 - MENCION DE TITULO | |
| Título | The case study of Indonesia / |
| Mención de responsabilidad | Charles Victor Barber ; Valerie Percival, manuscript editor. |
| 260 ## - PUBLICACION, DISTRIBUCION, ETC. (PIE DE IMPRENTA) | |
| Lugar de publicación, distribución, etc. | Cambridge, MA (EE.UU.) : |
| Nombre del editor, distribuidor, etc. | Committee on International Security Studies, American Academy of Arts and Science, |
| Fecha de publicación, distribución, etc. | 1997. |
| 300 ## - DESCRIPCION FISICA | |
| Extensión | 99 páginas : |
| Otros detalles físicos | ilustraciones ; |
| Dimensiones | 28 x 22 cm. |
| 500 ## - NOTA GENERAL | |
| Nota general | "Project on Environmental Scarcities, State Capacity, and Civil Violence, a joint project of the University of Toronto and the American Academy of Arts and Sciences." |
| 504 ## - NOTA DE BIBLIOGRAFIA, ETC. | |
| Nota de bibliografía | Incluye referencias bibliográficas: páginas 86-99. |
| 650 26 - ASIENTO SECUNDARIO DE MATERIA - TERMINO TEMATICO | |
| Término temático o nombre geográfico como elemento de entrada | Política forestal |
| Subdivisión geográfica | Indonesia |
| 9 (RLIN) | 87504 |
| 650 26 - ASIENTO SECUNDARIO DE MATERIA - TERMINO TEMATICO | |
| Término temático o nombre geográfico como elemento de entrada | Deforestación |
| Subdivisión geográfica | Indonesia |
| 9 (RLIN) | 87505 |
| 650 26 - ASIENTO SECUNDARIO DE MATERIA - TERMINO TEMATICO | |
| Término temático o nombre geográfico como elemento de entrada | Desarrollo económico |
| Subdivisión general | Aspectos ambientales |
| Subdivisión geográfica | Indonesia |
| 9 (RLIN) | 87506 |
| 650 26 - ASIENTO SECUNDARIO DE MATERIA - TERMINO TEMATICO | |
| Término temático o nombre geográfico como elemento de entrada | Degradación ambiental |
| Subdivisión geográfica | Indonesia |
| 9 (RLIN) | 87507 |
| 700 1# - ASIENTO SECUNDARIO - NOMBRE PERSONAL | |
| Nombre personal | Percival, Valerie |
| Término de relación | autora |
| 9 (RLIN) | 87503 |
| 710 2# - ASIENTO SECUNDARIO - NOMBRE CORPORATIVO | |
| Nombre corporativo o de jurisdicción como elemento de entrada | Project on Environmental Scarcities, State Capacity, and Civil Violence. |
| 9 (RLIN) | 87508 |
| 942 ## - ELEMENTOS ADICIONALES (KOHA) | |
| Sistema de clasificación | Dewey Decimal Classification |
| Tipo de ítem | Libro |
| Withdrawn status | Lost status | Sistema de Clasificación | Damaged status | No para préstamo | Colección | Inventariado | Ubicación Permanente | Ubicación actual | Fecha de adquisición | Valor | Total Checkouts | Número topográfico | Inventario / Código de Barras | Date last seen | Ejemplar | Price effective from | Forma de adquisición | Tipo de material |
|---|---|---|---|---|---|---|---|---|---|---|---|---|---|---|---|---|---|---|
| Dewey Decimal Classification | General | Inventariado 2017 | Sala Fabio Quevedo | Sala Fabio Quevedo | 01/07/1998 | 39000.00 | LB-333.75068 B23t | 000712 | 04/12/2012 | Ej. 1 | 04/12/2012 | Donación | Libro |